[Event "Sparkassen-Open B"]
[Site "Heusenstamm, Martinsee"]
[Date "2022.11.18"]
[Round "2.30"]
[White "Martens, Marcus"]
[Black "Wu, Sifan"]
[Result "0-1"]
[WhiteElo "1559"]
[BlackElo "1659"]
[PlyCount "56"]
[EventDate "2022.??.??"]
[WhiteTeam "Sfr Stiller Zug Wiesbaden"]
[BlackTeam "SV Oberursel"]

1. d4 Nf6 2. Nf3 e6 3. Bf4 d5 4. e3 Bd6 5. Bxd6 Qxd6 6. c3 O-O 7. Bd3 Nbd7 8.
Nbd2 e5 9. dxe5 Nxe5 10. Qc2 Nxd3+ 11. Qxd3 b6 12. h3 a5 13. Qc2 Ba6 14. Nd4 c5
15. Nf5 Qe6 16. Nf3 Ne4 17. g4 Rac8 18. O-O-O a4 19. Rxd5 Rce8 20. Re5 Qc6 21.
Rd1 Nf6 22. Rxe8 Rxe8 23. Ne1 g6 24. Rd6 Qh1 25. Kd1 Ne4 26. Ng3 Nxg3 27. fxg3
Rxe3 28. Qf2 Re2 0-1

[Event "Sparkassen-Open B"]
[Site "Heusenstamm, Martinsee"]
[Date "2022.11.18"]
[Round "2.31"]
[White "Dubinker, Philipp"]
[Black "Schwab, Lysander"]
[Result "1-0"]
[WhiteElo "1614"]
[BlackElo "1505"]
[PlyCount "65"]
[EventDate "2022.??.??"]
[WhiteTeam "SK Marburg 1931/72"]
[BlackTeam "SC Aschaffenburg"]

1. e4 c5 2. Nf3 d6 3. d4 cxd4 4. Nxd4 Nf6 5. Nc3 g6 6. Be3 Bg7 7. f3 Nc6 8. Qd2
O-O 9. g4 Be6 10. Nxe6 fxe6 11. O-O-O Qa5 12. Bh6 Ne5 13. Bxg7 Kxg7 14. Be2
Rac8 15. h4 Nfd7 16. f4 Nc4 17. Bxc4 Rxc4 18. h5 Nf6 19. hxg6 hxg6 20. Rdg1
Rcc8 21. f5 Rh8 22. Qg5 exf5 23. gxf5 Rxh1 24. Qxg6+ Kf8 25. Rxh1 e6 26. Qxf6+
Ke8 27. Qxe6+ Kd8 28. Qxd6+ Ke8 29. Rh8+ Kf7 30. Rxc8 b5 31. Qe6+ Kg7 32. Rg8+
Kh7 33. Qg6# 1-0

[Event "Sparkassen-Open B"]
[Site "Heusenstamm, Martinsee"]
[Date "2022.11.18"]
[Round "2.32"]
[White "Mut, Friedrich"]
[Black "Goodwin, David"]
[Result "1/2-1/2"]
[WhiteElo "1678"]
[BlackElo "1497"]
[PlyCount "55"]
[EventDate "2022.??.??"]
[WhiteTeam "SC Sulzbach"]
[BlackTeam "SV 1920 Kelsterbach"]

1. e4 g6 2. d4 Bg7 3. Nf3 d6 4. Bc4 a6 5. Ng5 e6 6. O-O b5 7. Bb3 Ne7 8. f4
Nbc6 9. c3 Na5 10. Bc2 O-O 11. Qf3 f6 12. Nh3 Bb7 13. Nd2 c5 14. b4 Nc4 15.
Nxc4 bxc4 16. Bb2 f5 17. Ng5 Qc8 18. h4 cxd4 19. cxd4 h6 20. Nh3 Bxe4 21. Bxe4
fxe4 22. Qxe4 d5 23. Qe1 Nf5 24. Rd1 Bf6 25. g3 Ra7 26. Kg2 Rc7 27. Rf3 Nd6 28.
Bc3 1/2-1/2

[Event "Sparkassen-Open B"]
[Site "Heusenstamm, Martinsee"]
[Date "2022.11.18"]
[Round "2.33"]
[White "Schmitz, Bernhard Hubert"]
[Black "Drewes, Thomas"]
[Result "1/2-1/2"]
[WhiteElo "1375"]
[BlackElo "1676"]
[PlyCount "80"]
[EventDate "2022.??.??"]
[WhiteTeam "Vorw.Orient Mainz"]
[BlackTeam "SV Würzburg von 1865"]

1. d4 d5 2. c4 c6 3. Nc3 Nf6 4. Bf4 dxc4 5. a4 Nd5 6. Bd2 Bf5 7. e3 e6 8. f3
Bd6 9. Nge2 Nb4 10. Kf2 Nd3+ 11. Kg1 Nxb2 12. Qc1 Nd3 13. Qd1 O-O 14. e4 Bg6
15. Nc1 Nxc1 16. Qxc1 c5 17. d5 Be5 18. Bxc4 exd5 19. Bxd5 Bd4+ 20. Be3 Nc6 21.
Qd2 Rc8 22. Rd1 Qg5 23. Kf2 b6 24. Ne2 Bxe3+ 25. Qxe3 Qxe3+ 26. Kxe3 Kh8 27.
Rb1 Nb4 28. Bc4 f6 29. Rhd1 Be8 30. Bb5 a6 31. Bxe8 Rfxe8 32. Rd6 Rb8 33. Nc3
Kg8 34. Rbd1 Nc2+ 35. Kf2 Nd4 36. Nd5 Re6 37. Rxe6 Nxe6 38. Rb1 b5 39. axb5
Rxb5 40. Ra1 h5 1/2-1/2

[Event "Sparkassen-Open B"]
[Site "Heusenstamm, Martinsee"]
[Date "2022.11.18"]
[Round "2.34"]
[White "Gärtner, Johannes"]
[Black "Heller, Holger"]
[Result "1/2-1/2"]
[WhiteElo "1402"]
[BlackElo "1648"]
[PlyCount "84"]
[EventDate "2022.??.??"]
[WhiteTeam "Sfr.Mainz 1928"]
[BlackTeam "TuS Dotzheim"]

1. d4 d5 2. c4 e6 3. Nc3 Nf6 4. cxd5 exd5 5. Bg5 Be7 6. e3 O-O 7. Bd3 h6 8. Bh4
Be6 9. Nge2 Nbd7 10. O-O c5 11. dxc5 Nxc5 12. Bc2 Rc8 13. Rc1 Nfe4 14. Bxe7
Qxe7 15. Nxd5 Bxd5 16. Qxd5 Rfd8 17. Qf5 Rc6 18. Nd4 Rf6 19. Qg4 Qe5 20. Qe2
Ne6 21. Rcd1 Nxd4 22. Rxd4 Nd6 23. Qd3 g6 24. Rd1 Kg7 25. b4 Rc8 26. f4 Qe7 27.
Rxd6 Rxd6 28. Qxd6 Qxd6 29. Rxd6 Rxc2 30. a4 Ra2 31. Rd7 Rxa4 32. Rxb7 a5 33.
bxa5 Rxa5 34. Kf2 g5 35. h3 Kg6 36. g4 gxf4 37. exf4 f5 38. Rb6+ Kg7 39. Kg3
fxg4 40. hxg4 Ra3+ 41. Kf2 Ra4 42. Kf3 Ra3+ 1/2-1/2

[Event "Sparkassen-Open B"]
[Site "Heusenstamm, Martinsee"]
[Date "2022.11.18"]
[Round "2.35"]
[White "Homfeldt, Maren"]
[Black "Herrmann, Gerhard"]
[Result "0-1"]
[WhiteElo "1104"]
[BlackElo "1528"]
[PlyCount "70"]
[EventDate "2022.??.??"]
[WhiteTeam "SC Noris-Tarrasch Nürnberg"]
[BlackTeam "SC Königsspringer Alzenau"]

1. g3 d5 2. e3 e5 3. c3 c5 4. b3 Nf6 5. h3 Nc6 6. Ba3 Be7 7. Bb5 O-O 8. Bxc6
bxc6 9. Nf3 e4 10. Ne5 Qc7 11. Ng4 Nxg4 12. hxg4 f5 13. g5 g6 14. Qc2 Bxg5 15.
Bxc5 Be7 16. b4 a5 17. Qa4 Bxc5 18. bxc5 Ba6 19. Qd4 Rab8 20. Na3 Qb7 21. Qa4
Qc7 22. Kd1 Rb2 23. c4 Rfb8 24. Ke2 R8b4 25. Qd1 dxc4 26. Ke1 Qe5 27. Nc2 Rb8
28. Nd4 Qxc5 29. Ne6 Qe7 30. Nf4 Rd8 31. Ne2 Rdxd2 32. Qa4 Rxe2+ 33. Kf1 Rxf2+
34. Ke1 Qb4+ 35. Qxb4 axb4 0-1

[Event "Sparkassen-Open B"]
[Site "Heusenstamm, Martinsee"]
[Date "2022.11.18"]
[Round "2.36"]
[White "König, Frank"]
[Black "Vorsilka, Jiri"]
[Result "1-0"]
[WhiteElo "1615"]
[BlackElo "1492"]
[PlyCount "61"]
[EventDate "2022.??.??"]
[WhiteTeam "SV Steinhausen"]
[BlackTeam "vereinslos"]

1. d4 d5 2. Nc3 Nf6 3. Bf4 e6 4. Nb5 Na6 5. e3 c5 6. a4 cxd4 7. exd4 Bd7 8. Nf3
Be7 9. Ne5 O-O 10. Nxd7 Qxd7 11. c3 Ne4 12. Bd3 Nd6 13. O-O Nc7 14. Nxc7 Qxc7
15. Qc2 h6 16. Rfe1 Qd8 17. Re5 g5 18. Bg3 Bf6 19. Ree1 Bg7 20. Qe2 Rc8 21. f4
Nc4 22. Ra2 a6 23. Qh5 Qf6 24. Rf1 Ne3 25. Rf3 Nf5 26. fxg5 hxg5 27. Be5 Qg6
28. Qg4 Bxe5 29. dxe5 Kg7 30. Bxf5 exf5 31. Rxf5 1-0

[Event "Sparkassen-Open B"]
[Site "Heusenstamm, Martinsee"]
[Date "2022.11.18"]
[Round "2.37"]
[White "Heidtkamp, Anna"]
[Black "Peng, Jay Jiaxi"]
[Result "0-1"]
[WhiteElo "1157"]
[BlackElo "1612"]
[PlyCount "86"]
[EventDate "2022.??.??"]
[WhiteTeam "Düsseldorfer SV 1854"]
[BlackTeam "SV Oberursel"]

1. e4 d5 2. exd5 Nf6 3. Nc3 Nxd5 4. Nxd5 Qxd5 5. Nf3 Bg4 6. Be2 Nc6 7. h3 Bh5
8. O-O O-O-O 9. b3 f6 10. d3 e5 11. Bb2 Bc5 12. Nd2 Bxe2 13. Qxe2 h5 14. Qe4
Qf7 15. Qc4 Qe7 16. Ne4 Bb6 17. Kh1 g5 18. a4 f5 19. Ba3 Qg7 20. Qe6+ Qd7 21.
Qxd7+ Rxd7 22. Nxg5 h4 23. Ne6 Nd4 24. Nxd4 Bxd4 25. Rac1 Rg8 26. c3 Bb6 27.
Rcd1 Rdg7 28. Rfe1 Rxg2 29. Rxe5 Rxf2 30. d4 c6 31. Rg1 Rg3 32. Rxg3 hxg3 33.
Kg1 Bc7 34. Re8+ Kd7 35. Re7+ Kd8 36. h4 Rh2 37. Rh7 f4 38. Rg7 f3 39. Rg8+ Kd7
40. Rg7+ Ke6 41. Re7+ Kf6 42. Re8 f2+ 43. Kf1 Rh1+ 0-1

[Event "Sparkassen-Open B"]
[Site "Heusenstamm, Martinsee"]
[Date "2022.11.18"]
[Round "2.38"]
[White "Niesel, Markus"]
[Black "Sitta, Stefan"]
[Result "0-1"]
[WhiteElo "1245"]
[BlackElo "1611"]
[PlyCount "52"]
[EventDate "2022.??.??"]
[WhiteTeam "SV 1934 Ffm-Griesheim"]
[BlackTeam "Sfr Stiller Zug Wiesbaden"]

1. e4 d6 2. d4 Nf6 3. Nc3 Nbd7 4. Nf3 e5 5. d5 Be7 6. Bc4 c6 7. O-O h6 8. Be3
Qc7 9. Qd3 g5 10. Bb3 Nf8 11. Qc4 c5 12. Nb5 Qb6 13. Ba4 Bd7 14. b4 a6 15. bxc5
axb5 16. cxb6 bxc4 17. Bxd7+ N8xd7 18. Nd2 c3 19. Nc4 Nxe4 20. f3 Nef6 21. Rfd1
Ra4 22. Nxe5 Nxe5 23. Bd4 Rc4 24. Bxe5 dxe5 25. d6 Bd8 26. Rab1 Nd7 0-1

[Event "Sparkassen-Open B"]
[Site "Heusenstamm, Martinsee"]
[Date "2022.11.18"]
[Round "2.40"]
[White "Hafner, Hans-Peter"]
[Black "Sasikumar Anitha, Sarvesh"]
[Result "0-1"]
[WhiteElo "1131"]
[BlackElo "1563"]
[PlyCount "92"]
[EventDate "2022.??.??"]
[WhiteTeam "Sfr.Mainz 1928"]
[BlackTeam "TuS Makkabi Ffm"]

1. e4 e6 2. d4 d5 3. Nc3 Nf6 4. e5 Nfd7 5. Nf3 c5 6. Be3 Nc6 7. Bb5 cxd4 8.
Bxd4 a6 9. Ba4 b5 10. Bb3 Nxd4 11. Qxd4 Bc5 12. Qf4 Nb6 13. O-O Nc4 14. Bxc4
bxc4 15. b3 cxb3 16. axb3 Bb7 17. Ng5 O-O 18. Qg4 Be7 19. f4 h6 20. Nh3 d4 21.
Ne2 Qd5 22. Qf3 Qxf3 23. gxf3 Rac8 24. Rac1 Ba3 25. Rcd1 Rxc2 26. Nxd4 Bc5 27.
Kh1 Bxd4 28. Rxd4 Rc3 29. Kg2 Rxb3 30. Kg3 a5 31. Kg4 Rc8 32. f5 exf5+ 33. Kxf5
Rxf3+ 34. Rxf3 Bxf3 35. Rd7 a4 36. Ra7 Ra8 37. Rc7 a3 38. Rc1 a2 39. Ra1 Bd5
40. Nf4 Bc4 41. h4 Rb8 42. e6 fxe6+ 43. Nxe6 Rb1 44. Rxa2 Bxa2 45. Nd8 Rb6 46.
h5 Kf8 0-1

[Event "Sparkassen-Open B"]
[Site "Heusenstamm, Martinsee"]
[Date "2022.11.18"]
[Round "2.41"]
[White "Degenhardt, Andreas"]
[Black "Hofmann, André"]
[Result "1-0"]
[WhiteElo "1744"]
[BlackElo "1254"]
[PlyCount "65"]
[EventDate "2022.??.??"]
[WhiteTeam "SC 1970 Lorsch"]
[BlackTeam "Düsseldorfer SV 1854"]

1. d4 Nf6 2. Nf3 g6 3. Nbd2 d6 4. e4 Bg7 5. c3 O-O 6. Qc2 Re8 7. Be2 e5 8. dxe5
dxe5 9. O-O Nc6 10. a4 a5 11. Nc4 b6 12. Bg5 h6 13. Bxf6 Bxf6 14. Ne3 Be6 15.
Bb5 Bd7 16. Rfd1 Qc8 17. Qd2 Rd8 18. Nd5 Bg7 19. Bxc6 Bxc6 20. Ne7+ Kh7 21.
Qxd8 Qxd8 22. Rxd8 Rxd8 23. Nxc6 Re8 24. Rd1 Re6 25. Na7 c6 26. Nc8 b5 27. axb5
cxb5 28. Nd6 Re7 29. Nxb5 Rb7 30. Rd5 f6 31. Nd2 h5 32. Nb3 a4 33. Nc5 1-0

[Event "Sparkassen-Open B"]
[Site "Heusenstamm, Martinsee"]
[Date "2022.11.18"]
[Round "2.42"]
[White "Hott, Arthur"]
[Black "Göbel, Martin"]
[Result "1/2-1/2"]
[WhiteElo "1497"]
[BlackElo "1769"]
[PlyCount "125"]
[EventDate "2022.??.??"]
[WhiteTeam "SC Bad Soden"]
[BlackTeam "SC Groß-Zimmern"]

1. d4 d6 2. Nc3 Nf6 3. e4 g6 4. h3 Bg7 5. Nf3 O-O 6. d5 c6 7. Bd3 cxd5 8. exd5
Qa5 9. Bd2 Nxd5 10. Nxd5 Qxd5 11. Bc3 Bxc3+ 12. bxc3 Nd7 13. O-O Nc5 14. Kh2
Nxd3 15. cxd3 Bf5 16. d4 Rac8 17. Qd2 Be4 18. Qe3 Bxf3 19. gxf3 Rc7 20. Rfc1
Rfc8 21. Rc2 e5 22. dxe5 Qxe5+ 23. Qxe5 dxe5 24. Rac1 Rc4 25. Kg2 b5 26. a3 a5
27. Rb2 b4 28. axb4 axb4 29. Rcc2 bxc3 30. Rb5 R8c5 31. Rb8+ Kg7 32. Rd8 Rd4
33. Rb8 Rd3 34. Rb3 h5 35. Kg3 Kf6 36. h4 Kf5 37. Rb7 f6 38. Rh7 Rd2 39. Rxd2
cxd2 40. Rd7 Rc2 41. Rd5 g5 42. hxg5 Kxg5 43. f4+ Kf5 44. fxe5 fxe5 45. f4 h4+
46. Kf3 Rc3+ 47. Kg2 Kxf4 48. Rxd2 e4 49. Rd8 Rg3+ 50. Kf2 e3+ 51. Ke2 Rg2+ 52.
Ke1 Rh2 53. Rf8+ Kg5 54. Rg8+ Kh6 55. Re8 Rf2 56. Rxe3 Rf4 57. Re2 Kg5 58. Rg2+
Kh5 59. Rf2 Re4+ 60. Kf1 h3 61. Kg1 Kg4 62. Kh2 Re3 63. Rd2 1/2-1/2

[Event "Sparkassen-Open B"]
[Site "Heusenstamm, Martinsee"]
[Date "2022.11.18"]
[Round "2.43"]
[White "Schmidt, Moritz"]
[Black "Fischer, Lutz"]
[Result "0-1"]
[WhiteElo "1442"]
[BlackElo "1707"]
[PlyCount "78"]
[EventDate "2022.??.??"]
[WhiteTeam "SVG 1920 Plettenberg"]
[BlackTeam "SF Frankfurt"]

1. e4 e6 2. d4 d5 3. Nc3 Bb4 4. exd5 exd5 5. Bd3 Ne7 6. a3 Bxc3+ 7. bxc3 O-O 8.
Nf3 Bf5 9. Ne5 Re8 10. O-O Bxd3 11. cxd3 Nf5 12. Qf3 Nd6 13. Qxd5 c6 14. Qf3 f6
15. Nc4 Nf7 16. Bd2 Na6 17. Rab1 Re7 18. Rfe1 Rxe1+ 19. Bxe1 Qe7 20. Qf4 Nc7
21. Bd2 Re8 22. h3 Nd5 23. Qg3 b5 24. Na5 Qd7 25. c4 Ne7 26. Bc3 Nd6 27. c5
Ndf5 28. Qg4 g6 29. Nb3 Qd5 30. h4 Ng7 31. Nd2 Nef5 32. Ne4 Kf7 33. Re1 h5 34.
Nd6+ Nxd6 35. Qd7+ Kf8 36. Rxe8+ Ndxe8 37. Qxd5 cxd5 38. f4 Nf5 39. g3 Nxg3 0-1

[Event "Sparkassen-Open B"]
[Site "Heusenstamm, Martinsee"]
[Date "2022.11.18"]
[Round "2.44"]
[White "Schulze, Fabian"]
[Black "Gnandt, Michael"]
[Result "1-0"]
[WhiteElo "1725"]
[BlackElo "1495"]
[PlyCount "79"]
[EventDate "2022.??.??"]
[WhiteTeam "SC Steinbach"]
[BlackTeam "SV Steinhausen"]

1. d4 d5 2. c3 Nf6 3. e3 Nc6 4. f4 e6 5. Nf3 a6 6. Bd3 Be7 7. O-O O-O 8. Nbd2
Na7 9. Ne5 Nd7 10. Qh5 Nf6 11. Qe2 c5 12. Rf3 c4 13. Bc2 Qe8 14. Rh3 g6 15. g4
Nd7 16. Qf2 Nxe5 17. dxe5 f6 18. Qh4 Qf7 19. exf6 Bxf6 20. g5 Be7 21. Nf3 Nc6
22. Rg3 e5 23. Qh6 exf4 24. exf4 Bd6 25. Nh4 Ne5 26. f5 Qg7 27. Qxg7+ Kxg7 28.
f6+ Kg8 29. Bf4 Bd7 30. Nf3 Nxf3+ 31. Rxf3 Bc5+ 32. Be3 Bxe3+ 33. Rxe3 Rae8 34.
Rae1 Rxe3 35. Rxe3 Re8 36. Rxe8+ Bxe8 37. Kf2 Bf7 38. Ke3 Kf8 39. Kd4 b6 40.
Bd1 1-0

[Event "Sparkassen-Open B"]
[Site "Heusenstamm, Martinsee"]
[Date "2022.11.18"]
[Round "2.45"]
[White "Pichl, Johann"]
[Black "Steeger, Horst"]
[Result "1-0"]
[WhiteElo "1414"]
[BlackElo "1652"]
[PlyCount "87"]
[EventDate "2022.??.??"]
[WhiteTeam "SK Bad Homburg 1927"]
[BlackTeam "SC Sulzbach"]

1. d4 d5 2. Nf3 Nf6 3. Bg5 e6 4. e3 Be7 5. Bd3 h6 6. Bh4 Nbd7 7. Nbd2 O-O 8.
Qe2 c5 9. c3 c4 10. Bc2 b5 11. O-O a5 12. a3 Ba6 13. Rfe1 Nh7 14. Bg3 f5 15.
Ne5 Nxe5 16. Bxe5 Bd6 17. Nf3 Qc7 18. Bxd6 Qxd6 19. Ne5 Rf6 20. f4 Bc8 21. Qh5
Qe7 22. Bd1 Bd7 23. Qh3 Bc8 24. Kh1 Qf8 25. g4 Ra7 26. gxf5 exf5 27. Rg1 Kh8
28. Bf3 Rd6 29. Rg3 Qf6 30. Rag1 Rd8 31. Qg2 Nf8 32. Bxd5 Kh7 33. Bf7 Rxf7 34.
Nxf7 Be6 35. d5 Bxd5 36. Nxd8 Bxg2+ 37. R3xg2 g6 38. Rd1 h5 39. Re2 Qe7 40. Kg1
Qe4 41. Nf7 Qe7 42. Ng5+ Kg8 43. Rd5 Ne6 44. Re5 1-0

[Event "Sparkassen-Open B"]
[Site "Heusenstamm, Martinsee"]
[Date "2022.11.18"]
[Round "2.46"]
[White "Vick, Edward"]
[Black "Reinhold, Günther"]
[Result "1/2-1/2"]
[WhiteElo "1222"]
[BlackElo "1681"]
[PlyCount "43"]
[EventDate "2022.??.??"]
[WhiteTeam "TuS Makkabi Wiesbaden"]
[BlackTeam "Frankfurter TV 1860"]

1. e4 c5 2. c3 d5 3. exd5 Qxd5 4. d4 Nf6 5. Nf3 Bg4 6. Be2 e6 7. Be3 cxd4 8.
cxd4 Be7 9. O-O Nc6 10. Nc3 Qd8 11. h3 Bh5 12. Qb3 Rb8 13. Rfd1 O-O 14. d5 Na5
15. Qb5 a6 16. Qd3 Bg6 17. Qd4 exd5 18. Nxd5 Nc6 19. Nxe7+ Qxe7 20. Qc5 Qxc5
21. Bxc5 Rfe8 22. Bc4 1/2-1/2

[Event "Sparkassen-Open B"]
[Site "Heusenstamm, Martinsee"]
[Date "2022.11.18"]
[Round "2.47"]
[White "Niesel, Sebastian"]
[Black "Spelleken, Hans-Gerd"]
[Result "0-1"]
[WhiteElo "1312"]
[BlackElo "1678"]
[PlyCount "102"]
[EventDate "2022.??.??"]
[WhiteTeam "SV 1934 Ffm-Griesheim"]
[BlackTeam "SC Kahl"]

1. e4 d5 2. exd5 Qxd5 3. Nc3 Qd8 4. d4 c6 5. Bf4 Nf6 6. Nf3 Bf5 7. Bc4 e6 8. a3
Be7 9. Ne5 Nd5 10. Nxd5 exd5 11. Bd3 Bxd3 12. Qxd3 f6 13. Nf3 O-O 14. O-O Nd7
15. Rfe1 Re8 16. Bg3 Nf8 17. Nh4 g6 18. Re2 Kf7 19. Rae1 Qd7 20. Nf3 g5 21. c3
Ng6 22. Re6 Bf8 23. Rxe8 Rxe8 24. Rxe8 Qxe8 25. Kf1 h5 26. h3 Qe4 27. Qxe4 dxe4
28. Nd2 f5 29. Bc7 Ke6 30. c4 Kd7 31. Ba5 b6 32. Bc3 a5 33. b4 a4 34. g3 h4 35.
Ke2 Bd6 36. Nf1 f4 37. Be1 Ke6 38. Kd2 hxg3 39. fxg3 e3+ 40. Ke2 Kf5 41. Kf3 c5
42. dxc5 bxc5 43. g4+ Ke6 44. Nxe3 fxe3 45. Kxe3 Ne5 46. bxc5 Bxc5+ 47. Kd2
Nf3+ 48. Ke2 Nxe1 49. Kxe1 Bxa3 50. Kd2 Bc5 51. Kc3 Ke5 0-1

[Event "Sparkassen-Open B"]
[Site "Heusenstamm, Martinsee"]
[Date "2022.11.18"]
[Round "2.48"]
[White "Nichols, Uwe"]
[Black "Özyar, Arin"]
[Result "0-1"]
[WhiteElo "1673"]
[BlackElo "1353"]
[PlyCount "72"]
[EventDate "2022.??.??"]
[WhiteTeam "SV Oberursel"]
[BlackTeam "SC Bad Soden"]

1. e4 e5 2. Nf3 Nc6 3. Bc4 Bc5 4. O-O d6 5. h3 h6 6. c3 Qf6 7. b4 Bb6 8. Bb2
Qg6 9. Kh2 Qxe4 10. d3 Qf4+ 11. Kh1 g5 12. g3 Qf6 13. Ng1 Qg6 14. d4 f5 15. a4
a6 16. b5 Nce7 17. dxe5 dxe5 18. Be2 Nf6 19. c4 f4 20. Bd3 Bf5 21. Bxf5 Qxf5
22. g4 Qg6 23. Bxe5 Rf8 24. f3 h5 25. a5 Be3 26. bxa6 bxa6 27. Nc3 Rd8 28. Qa4+
c6 29. Bxf6 Rxf6 30. Ne4 Re6 31. c5 hxg4 32. Nd6+ Kf8 33. hxg4 Qh6+ 34. Kg2 Qh4
35. Ne2 Rh6 36. Rh1 Qf2# 0-1

[Event "Sparkassen-Open B"]
[Site "Heusenstamm, Martinsee"]
[Date "2022.11.18"]
[Round "2.49"]
[White "Haas, Vanessa"]
[Black "Tobias, Christian"]
[Result "1/2-1/2"]
[WhiteElo "1666"]
[BlackElo "1434"]
[PlyCount "66"]
[EventDate "2022.??.??"]
[WhiteTeam "SC FK Babenhausen 1994"]
[BlackTeam "SV Oberursel"]

1. e4 e5 2. Nf3 Nc6 3. Bb5 a6 4. Ba4 Nf6 5. d3 b5 6. Bb3 Be7 7. c3 d6 8. h3 Na5
9. Bc2 c5 10. O-O O-O 11. Nh2 Bb7 12. f4 Nc6 13. f5 Qc7 14. Be3 Rad8 15. Qf3 d5
16. Qg3 Nh5 17. Qg4 Nf6 18. Qf3 dxe4 19. dxe4 c4 20. Ng4 Nb8 21. Nxf6+ Bxf6 22.
Kh1 Qe7 23. Qf2 Nd7 24. Nd2 Bg5 25. Bxg5 Qxg5 26. Nf3 Qe7 27. a4 Nc5 28. Qe2 f6
29. axb5 axb5 30. Ra5 Bc6 31. Rfa1 Ra8 32. Rxa8 Rxa8 33. Rxa8+ Bxa8 1/2-1/2

[Event "Sparkassen-Open B"]
[Site "Heusenstamm, Martinsee"]
[Date "2022.11.18"]
[Round "2.50"]
[White "Neumeier, Marie-Theres"]
[Black "Lasschuit, Rene"]
[Result "0-1"]
[WhiteElo "1075"]
[BlackElo "1660"]
[PlyCount "68"]
[EventDate "2022.??.??"]
[WhiteTeam "TV 1899 Parsberg"]
[BlackTeam "SV Berolina Mitte"]

1. d4 d5 2. Bf4 Nf6 3. e3 c5 4. c3 Qb6 5. Qb3 c4 6. Qc2 g6 7. Nd2 Bf5 8. Qc1
Nc6 9. Be2 Bg7 10. Ngf3 O-O 11. O-O Rfe8 12. Re1 Nd7 13. e4 Bxe4 14. Nxe4 dxe4
15. Nd2 Na5 16. Nxc4 Nxc4 17. Bxc4 Rac8 18. Bb3 e5 19. dxe5 Nxe5 20. Bxe5 Bxe5
21. Qc2 Bd4 22. Rad1 Bc5 23. Rd7 e3 24. f3 Rc7 25. Bxf7+ Kf8 26. Bxe8 Kxe8 27.
Rxc7 Qxc7 28. Qe4+ Kf8 29. Kh1 Qd6 30. Qc2 Bb6 31. Rd1 Qe5 32. Qe4 Qxe4 33.
fxe4 Ke7 34. Rd5 e2 0-1

[Event "Sparkassen-Open B"]
[Site "Heusenstamm, Martinsee"]
[Date "2022.11.18"]
[Round "2.51"]
[White "Niedenthal, Robert"]
[Black "Carvelli, Nicolas"]
[Result "0-1"]
[WhiteElo "1644"]
[BlackElo "1412"]
[PlyCount "96"]
[EventDate "2022.??.??"]
[WhiteTeam "SV 1920 Hofheim"]
[BlackTeam "SF Seligenstadt"]

1. c4 e6 2. Nc3 d5 3. cxd5 exd5 4. d4 c6 5. g3 Bf5 6. Bg2 Nf6 7. Nf3 Bd6 8. O-O
Nbd7 9. Re1 O-O 10. Nh4 Bg6 11. Nxg6 fxg6 12. e4 Nxe4 13. Nxe4 dxe4 14. Bxe4
Qf6 15. Be3 Nb6 16. Qb3+ Kh8 17. a4 Qf7 18. Qxf7 Rxf7 19. f4 Re7 20. Bf2 Bb4
21. Re2 Rae8 22. Bxg6 Rxe2 23. Bxe8 Rxe8 24. a5 Nd5 25. a6 b6 26. Rc1 Rc8 27.
Kg2 Kg8 28. Kf3 Kf7 29. g4 Bd2 30. Rc2 Bxf4 31. h4 Bd6 32. Be1 Bb4 33. Bg3 Be7
34. Rf2 Nb4 35. Ke4+ Ke6 36. Rf5 Nxa6 37. Re5+ Kd7 38. g5 Bd6 39. Rf5 Bxg3 40.
Rf7+ Kd6 41. Rxg7 Rc7 42. Rg8 Bxh4 43. g6 hxg6 44. Rxg6+ Ke7 45. Ke5 Kf7 46.
Rh6 Bg5 47. Rh5 Kg6 48. Rh8 Bf6+ 0-1

[Event "Sparkassen-Open B"]
[Site "Heusenstamm, Martinsee"]
[Date "2022.11.18"]
[Round "2.52"]
[White "Friedel, Thomas"]
[Black "Barth, Horst"]
[Result "1-0"]
[WhiteElo "1622"]
[BlackElo "1244"]
[PlyCount "65"]
[EventDate "2022.??.??"]
[WhiteTeam "SV Groß-Gerau"]
[BlackTeam "Sfr.Mainz 1928"]

1. Nf3 d5 2. d4 Nf6 3. c4 c6 4. e3 Bg4 5. Nc3 e6 6. Qb3 b6 7. Be2 Be7 8. O-O
O-O 9. h3 Bh5 10. Re1 h6 11. Ne5 Bxe2 12. Nxe2 Qd6 13. Bd2 Ne4 14. Bc3 Nxc3 15.
Nxc3 Nd7 16. Nxd7 Qxd7 17. cxd5 exd5 18. Rac1 f5 19. Rc2 b5 20. Rec1 a5 21. Ne2
a4 22. Qd3 Rac8 23. Nf4 Qd6 24. Rc3 Bg5 25. Ne2 f4 26. exf4 Bxf4 27. Nxf4 Rxf4
28. Qg3 Rf6 29. Qxd6 Rxd6 30. Kf1 Re6 31. Rc5 Kf7 32. Rxb5 Re1+ 33. Kxe1 1-0

[Event "Sparkassen-Open B"]
[Site "Heusenstamm, Martinsee"]
[Date "2022.11.18"]
[Round "2.53"]
[White "Ghaznavi, Massoud"]
[Black "Lorenz sr., Alexander"]
[Result "1-0"]
[WhiteElo "1594"]
[BlackElo "1236"]
[PlyCount "67"]
[EventDate "2022.??.??"]
[WhiteTeam "SV Oberursel"]
[BlackTeam "SV Bergwinkel"]

1. e4 c5 2. e5 d6 3. f4 Nc6 4. Bb5 Bd7 5. Bxc6 Bxc6 6. Nf3 g6 7. O-O Bg7 8. d3
dxe5 9. fxe5 Bxf3 10. Qxf3 Rb8 11. Qxf7+ Kd7 12. Qxg7 Nh6 13. Bxh6 Kc8 14. Nc3
b6 15. Qf7 Qd4+ 16. Rf2 Qxe5 17. Bf4 Qd4 18. Bxb8 Kxb8 19. Qf4+ Qxf4 20. Rxf4
Kc8 21. Raf1 Rd8 22. Rf8 Kd7 23. Rxd8+ Kxd8 24. Nb5 a6 25. Nc3 Kd7 26. Nd5 b5
27. Rf7 Kd6 28. Nxe7 h6 29. Nxg6 Kd5 30. c3 c4 31. d4 Ke4 32. Rf3 b4 33. Kf2
bxc3 34. bxc3 1-0

[Event "Sparkassen-Open B"]
[Site "Heusenstamm, Martinsee"]
[Date "2022.11.18"]
[Round "2.54"]
[White "Wiencken, Marcus"]
[Black "Spiegel, Nina"]
[Result "0-1"]
[WhiteElo "1233"]
[BlackElo "1539"]
[PlyCount "70"]
[EventDate "2022.??.??"]
[WhiteTeam "Schachforum Darmstadt 1994"]
[BlackTeam "Sfr Stiller Zug Wiesbaden"]

1. e4 c5 2. c4 g6 3. Nf3 Bg7 4. Nc3 Nc6 5. Be2 e6 6. O-O Nge7 7. Rb1 O-O 8. d3
d5 9. exd5 exd5 10. Nxd5 Nxd5 11. cxd5 Qxd5 12. b3 Rd8 13. Ng5 Bf5 14. Ne4 Bxe4
15. dxe4 Qxe4 16. Bd2 Bh6 17. Rb2 Bg7 18. Rc2 Nd4 19. Bd3 Qxd3 20. Rxc5 Ne2+
21. Kh1 Qxd2 22. Qb1 Nc3 23. Qe1 Qxe1 24. Rxe1 Rac8 25. Ra5 a6 26. g3 Rd2 27.
Kg2 Nxa2 28. Re7 Rcc2 29. Re8+ Bf8 30. Kh3 Rxf2 31. Rd5 Rxh2+ 32. Kg4 f5+ 33.
Kg5 Rh5+ 34. Kf4 Rf2+ 35. Ke3 f4+ 0-1

[Event "Sparkassen-Open B"]
[Site "Heusenstamm, Martinsee"]
[Date "2022.11.18"]
[Round "2.55"]
[White "Griesche, Robby"]
[Black "Grebe, Sabrina"]
[Result "1-0"]
[WhiteElo "1593"]
[BlackElo "1182"]
[PlyCount "101"]
[EventDate "2022.??.??"]
[WhiteTeam "SV Worms 1878"]
[BlackTeam "SC Heusenstamm"]

1. c4 Nf6 2. Nc3 e5 3. g3 Bc5 4. Bg2 d6 5. e3 Bd7 6. Nge2 O-O 7. d4 Bb4 8. Bxb7
Nc6 9. Bxa8 Qxa8 10. d5 Na5 11. b3 Bg4 12. Qc2 Bf3 13. Rg1 c6 14. a3 Bxc3+ 15.
Qxc3 Nb7 16. dxc6 Nc5 17. Bb2 Qxc6 18. b4 Na4 19. Qb3 Ng4 20. b5 Nc5 21. bxc6
Nxb3 22. Rd1 Bxc6 23. Rxd6 Nxh2 24. Rxc6 Nf3+ 25. Kf1 Nxg1 26. Kxg1 e4 27. Nd4
h6 28. Bc3 Rb8 29. Bb4 a5 30. Bd6 Nxd4 31. exd4 Rb1+ 32. Kg2 Rb2 33. Kf1 Rd2
34. d5 f5 35. Ra6 Rd4 36. c5 Rxd5 37. c6 Rxd6 38. c7 Rd1+ 39. Ke2 Rc1 40. Ra8+
Kf7 41. c8=Q Rxc8 42. Rxc8 g5 43. Rc6 Kg7 44. f3 exf3+ 45. Kxf3 h5 46. Rc5 Kf6
47. Rxa5 h4 48. gxh4 g4+ 49. Kf4 Kg6 50. Rxf5 g3 51. Rg5+ 1-0

[Event "Sparkassen-Open B"]
[Site "Heusenstamm, Martinsee"]
[Date "2022.11.18"]
[Round "2.56"]
[White "Scheerer, Amelie"]
[Black "Alt, Johannes"]
[Result "1/2-1/2"]
[WhiteElo "1158"]
[BlackElo "1433"]
[PlyCount "35"]
[EventDate "2022.??.??"]
[WhiteTeam "SV 1934 Ffm-Griesheim"]
[BlackTeam "Sfr.Heidesheim"]

1. e4 e6 2. d4 d5 3. exd5 exd5 4. Nf3 Nf6 5. Bd3 Bd6 6. O-O O-O 7. Bg5 Be6 8.
c3 Nbd7 9. Qc2 h6 10. Bh4 c5 11. dxc5 Nxc5 12. Nbd2 Nxd3 13. Qxd3 Be7 14. Nb3
Ne4 15. Bxe7 Qxe7 16. Nfd4 Rad8 17. Rad1 Rfe8 18. f3 1/2-1/2